Szociális és nemzeti felszabadulás után történelmi felszabadulás /
Elmentve itt :
| Szerző: | |
|---|---|
| Dokumentumtípus: | Cikk |
| Megjelent: |
1969-10-12
|
| Sorozat: | Délmagyarország
59 No. 237 |
| Kulcsszavak: | Komócsin Zoltán, Szeged felszabadulása megemlékezés 1969 |
| Online Access: | http://dmarchiv.bibl.u-szeged.hu/62368 |
| LEADER | 00549nab a2200157 i 4500 | ||
|---|---|---|---|
| 001 | delm62368 | ||
| 005 | 20180927151250.0 | ||
| 008 | 180927s1969 hu o 0|| hun d | ||
| 040 | |a SZTE Délmagyarország Archívum |b hun | ||
| 041 | |a hun | ||
| 100 | 1 | |a Komócsin Zoltán | |
| 245 | 1 | 0 | |a Szociális és nemzeti felszabadulás után |h [elektronikus dokumentum] : |b történelmi felszabadulás / |c Komócsin Zoltán |
| 260 | |c 1969-10-12 | ||
| 300 | |a 3-4 | ||
| 490 | 0 | |a Délmagyarország |v 59 No. 237 | |
| 695 | |a Komócsin Zoltán, Szeged felszabadulása megemlékezés 1969 | ||